Case studies on public policy (Record no. 407936)

000 -LEADER
fixed length control field 00384cam a22001337a 4500
008 - FIXED-LENGTH DATA ELEMENTS--GENERAL INFORMATION
fixed length control field 180718b2007 xxu||||| |||| 00| 0 eng d
020 ## - INTERNATIONAL STANDARD BOOK NUMBER
International Standard Book Number 8131406911
082 ## - DEWEY DECIMAL CLASSIFICATION NUMBER
Classification number B3 R145c
245 ## - TITLE STATEMENT
Title Case studies on public policy
Statement of responsibility, etc. edited by Priyanka Ramgopal
260 ## - PUBLICATION, DISTRIBUTION, ETC.
Place of publication, distribution, etc. Hyderabad
Name of publisher, distributor, etc. ICFAI Books
Date of publication, distribution, etc. 2007
300 ## - PHYSICAL DESCRIPTION
Extent 238p.
650 ## - SUBJECT ADDED ENTRY--TOPICAL TERM
Topical term or geographic name entry element Public policy - Case studies.
700 ## - ADDED ENTRY--PERSONAL NAME
Personal name Ramgopal, Priyanka
Holdings
Withdrawn status Lost status Damaged status Not for loan Permanent Location Current Location Date acquired Full call number Barcode Date last seen Price effective from Koha item type
        Indian Institute of Public Administration Indian Institute of Public Administration 2009-01-13 B3 R145c 82822 2018-07-21 2018-07-21 Book

Powered by Koha